Science Quiz

Random Science or Nintendo Quiz

Intro and Genes Quiz Stats

 Plays Quiz not verified by Sporcle

Score 0/44 Timer 15:00
0 Plays Today
% Correct
nucleoside
84.6%
Base, sugar, phosphate
35.9%
antiparallel
25.6%
2` carbon
23.1%
sugar
23.1%
5` to 3`
17.9%
nucleotide, nucleoside
15.4%
phosphate
10.3%
neutral, insoluble
7.7%
hydrophilic
7.7%
3` to 5`
7.7%
Left handed helix
7.7%
both
7.7%
regulatory
5.1%
36
5.1%
50%
5.1%
introns
5.1%
superhelix
5.1%
steric strain
5.1%
linker DNA
5.1%
inward, outward
2.6%
B
2.6%
% Correct
mirror repeat
2.6%
hairpins, cruciforms
2.6%
water
2.6%
steepness of slope
2.6%
primary sequence
2.6%
superhelix
2.6%
underwinding of DNA
2.6%
less turns per major groove
2.6%
superhelix
2.6%
topology
2.6%
Linking number
2.6%
break in DNA
2.6%
Lk < normal
2.6%
increments of 1
2.6%
replication and transcription
2.6%
histone + linker DNA
2.6%
nuclear scaffolding
2.6%
H1 and Topoisomerase II
2.6%
right handed hairpin double helix
0%
portion of chromosome that determines a phenotype
0%
by nucleases
0%
0%

You're not logged in!

Compare scores with friends on all Sporcle quizzes.
OR
Log In

Show Comments

Extras

Top Quizzes Today


Score Distribution

Your Account Isn't Verified!

In order to create a playlist on Sporcle, you need to verify the email address you used during registration. Go to your Sporcle Settings to finish the process.

Report this User

Report this user for behavior that violates our Community Guidelines.

Details: